| 000 | 00641nam a2200229 a 4500 | ||
|---|---|---|---|
| 005 | 20210219153448.0 | ||
| 008 | 991125n 000 0 u | ||
| 035 | _aUPN01000101178 | ||
| 100 | _aGoodlad, John I | ||
| 222 | _aPHI DELTA KAPPAN | ||
| 245 | _aA study of the education of educators : one year later | ||
| 300 | _a311-316 | ||
| 362 | _a73, No. 4, 1991 | ||
| 505 | _aAbril 1992 | ||
| 653 | 0 | _aCAMBIO EDUCATIVO | |
| 653 | 0 | _aCOOPERACION DE LA ESCUELA | |
| 653 | 0 | _aMAESTROS EDUCADORES | |
| 653 | 0 | _aPROGRAMAS DE EDUCACION A MAESTROS | |
| 653 | 0 | _aRELACION TEORIA-PRACTICA | |
| 904 |
_aAC _b038989 |
||
| 905 | _aArticulo | ||
| 999 |
_c77509 _d77509 |
||